| 000 | 00535nam a2200193Ia 4500 | ||
|---|---|---|---|
| 008 | 140306s9999 xx 000 0 und d | ||
| 020 | _a590108115 | ||
| 050 |
_aPZ 7 _b.B7633Cf 1998 |
||
| 100 | _aBridwell, Norman | ||
| 245 |
_aClifford's and the big parade / _cNorman Bridwell. |
||
| 260 |
_aNew York : _bScholastic Inc., _cc1998. |
||
| 300 |
_bcol. Ill. ; _c19 cm. |
||
| 521 | _aG2 | ||
| 526 | _c480 | ||
| 650 |
_aCity and town life _x Juvenile fiction. |
||
| 650 |
_aDogs _xJuvenile fiction. |
||
| 942 | _cBK | ||
| 999 |
_c42849 _d42849 |
||